000 01020nam a2200253 i 4500
001 183572
003 ES-MaACL
005 20240219223024.0
008 140722s2013 sp af |||| | spa d
020 _a978-84-616-7797-9
080 _a821.134.2 Cervantes Saavedra, Miguel de 7 Celoso extremeño.07
100 1 _aOrtés, Federico.
_987518
245 1 0 _aDesmadre y represión en El celoso extremeño /
_cFederico Ortés.
250 _aAutoedición de 50 ejemp.
260 _a[Sevilla] :
_bF. Ortés,
_c[2013] (
_eLlerena, Badajoz :
_fImp. Granzido)
300 _a169 p. :
_bil. col. ;
_c21 cm.
504 _aBibliografía: p. 167-169.
600 1 7 _aCervantes Saavedra, Miguel de,
_d1547-1616.
_tEl celoso extremeño
_2
_9147692
852 _aES-MaACL
_jA-13181
_9190514
_bR.150080
_cDEPO1
_dOlim: N-6181
_hDonacion: Federico Ortes
_gDedicatoria autógrafa del autor
903 _987518
_aOrtés, Federico
_ednr
942 _2udc
_cMONOGRAFIA
999 _c183572
_d183572